<?xml version="1.0" encoding="UTF-8"?>
<collection xmlns="http://www.loc.gov/MARC21/slim">
 <record>
  <leader>     na                 </leader>
  <controlfield tag="001">INLIS000000000003538</controlfield>
  <controlfield tag="005">20140226090325.0</controlfield>
  <controlfield tag="008">                                        </controlfield>
  <datafield tag="035" ind1=" " ind2=" ">
   <subfield code="a">##</subfield>
   <subfield code="a">0010-021400000001419</subfield>
  </datafield>
  <datafield tag="040" ind1=" " ind2=" ">
   <subfield code="a">JIPDBWI</subfield>
  </datafield>
  <datafield tag="082" ind1="0" ind2="4">
   <subfield code="2">[21]</subfield>
   <subfield code="a">400</subfield>
  </datafield>
  <datafield tag="084" ind1=" " ind2=" ">
   <subfield code="a">400 ASF b</subfield>
  </datafield>
  <datafield tag="100" ind1="0" ind2=" ">
   <subfield code="a">M ASFANDI ADUL</subfield>
  </datafield>
  <datafield tag="245" ind1=" " ind2=" ">
   <subfield code="a">BAHASA INDONESIA BAKU DAN FUNGSI GURU DLM PEMB BHS</subfield>
  </datafield>
  <datafield tag="250" ind1=" " ind2=" ">
   <subfield code="a">Cet. I</subfield>
  </datafield>
  <datafield tag="260" ind1=" " ind2=" ">
   <subfield code="a">Surabaya</subfield>
   <subfield code="b">Pt Bina Ilmu</subfield>
   <subfield code="c">1981</subfield>
  </datafield>
  <datafield tag="300" ind1=" " ind2=" ">
   <subfield code="a">vii, 93hlm,;</subfield>
   <subfield code="c">15 x 21 cm</subfield>
  </datafield>
  <datafield tag="990" ind1=" " ind2=" ">
   <subfield code="a">5024</subfield>
  </datafield>
 </record>
</collection>
